| 000 | 00864nam a2200217Ia 4500 | ||
|---|---|---|---|
| 001 | 14180 | ||
| 005 | 20260420150142.0 | ||
| 008 | 260306t2016||||xx |||||||||||||| ||spa|| | ||
| 041 | _aESP | ||
| 082 |
_a510 _bL25 2016 |
||
| 100 |
_aLarson, Ron _eAUT |
||
| 245 | 0 | _aPrecálculo | |
| 260 | _c2016 | ||
| 300 |
_avarias paginaciones : : _c25 cm. |
||
| 650 | _aCMM | ||
| 654 | _aCMA | ||
| 856 |
_uhttps://itmsp.museknowledge.com/UCSP?url=https://www.ebooks7-24.com:443/?il=4750&pg=1 _zVéase además: Precálculo, por Franklin D. Demana. Versión digital |
||
| 856 |
_uhttps://0u213x85t-y-https-ebooks7--24-com.itmsp.museknowledge.com/biblioteca.aspx _zVéase además: Base de datos Ebook7-24 |
||
| 856 |
_uhttps://0u20fx860-y-https-research-ebsco-com.itmsp.museknowledge.com/c/qxo6us/search _zVéase además: Base de datos EBSCOhost |
||
| 942 |
_cLIB _dJUS _fJUS _2ddc |
||
| 999 |
_c14180 _d14180 |
||